000 00675nam a22002177a 4500
005 20251108174537.0
008 250721s2007 xx 000 0 ara d
082 1 4 _aق/باس
100 1 _aباسترناك، بوريس
_eمؤلف
245 1 0 _aدكتور جيفاجو /
246 1 1 _aDr.Zhivago
264 1 _aعمان :
_bدار الأهلية للنشر و التوزيع،
_c2007.
300 _a207 ص.
490 0 _aروائع القصص العالمية
650 1 7 _aالادب العربي
650 1 7 _aالادب المترجم
650 1 7 _aاللغه العربيه
700 1 _aنصار، عزت
_eمترجم
942 _2ddc
_cBK
999 _c111878
_d111878